000 00359nam a22001577a 4500
003 SGT
020 _a978-81-775-8883-5
082 _a610
_bI19C
100 _aCAR, JOSEPH J.
245 _aINTRODUCTION TO BIOMEDICAL EQUIPMENT TECHNOLOGY
250 _a3RD
260 _aINDIA
_bPEARSON PUB
_c2019
300 _a761
650 _aMEDICINE
942 _2ddc
_cBK
999 _c19691
_d19691